000 00827nam a2200265 a 4500
001 000004768
005 20200929151511.0
008 090727s1973 sp 000 0 spa d
020 _a8425407869
040 _aDO-SdBNP
_bspa
_cBNPHU
082 _a173
_bS697a
100 1 _aSommermeyer, Anne
_913831
245 1 0 _aAntes del habla :
_bcharlas con nuestro hijito /
_cAnne Sommermeyer.
260 _aBarcelona, (España) :
_bEditorial Herder,
_c1973.
300 _a98 p. ;
_c18 cm.
490 1 _aNuestros hijos
_v1
500 _aVersión castellana por Josep A. Pombo.
504 _aIncluye referencias bibliográficas (p. 97-98)
650 4 _aPadres e hijos
_9796
650 4 _aMaternidad
_913853
650 4 _aPaternidad
_913854
650 4 _aManejo de niños
_9799
830 0 _aNuestros hijos.
_v1
_913852
049 _aBNGR
999 _c4574
_d4574